O postavení finančného manažéra v podniku

Úloha a postavenie finančných manažérov v podniku. Členenie finančných manažérov. Vnútorná organizácia finančného manažmentu vo firme.

Na minha lista:
Detalhes bibliográficos
Autor principal: Vlachynský, Karol
Formato: Capítulo de Livro
Idioma:eslovaco
Assuntos:
Tags: Adicionar Tag
Sem tags, seja o primeiro a adicionar uma tag!

MARC

LEADER 00000naa a2200000 4500
001 r041683
005 20231002115359.1
041 0 |a slo 
044 |a SK 
245 1 0 |a O postavení finančného manažéra v podniku  |c Karol Vlachynský 
520 |a Úloha a postavenie finančných manažérov v podniku. Členenie finančných manažérov. Vnútorná organizácia finančného manažmentu vo firme. 
610 2 0 |a manažment finančný 
610 2 0 |a podnik 
610 2 0 |a riadenie podnikové 
610 2 0 |a hospodárenie finančné 
610 2 0 |a hospodárenie podnikové 
610 2 0 |a plánovanie finančné 
100 1 |a Vlachynský, Karol